|
|
|
|
| LEADER |
00739cam a2200205 a 4500 |
| 001 |
0000076466 |
| 005 |
20050312090000.0 |
| 040 |
|
|
|a mod
|
| 041 |
|
|
|a eng
|
| 020 |
0 |
0 |
|a 9839670603
|
| 090 |
0 |
0 |
|a 910.076
|b MOH
|e 2003
|
| 100 |
1 |
0 |
|a Mohd Jamil Bin Mohamed
|
| 245 |
1 |
0 |
|a Geografi tingkatan 5
|c Mohd Jamil Bin Mohamed, Hj. Rodzali bin Hj. hashim Hj. Omran bin Sidek
|f editor Patricia Lim Mei Ling, Tan Leong Thiam
|
| 260 |
0 |
0 |
|a Selangor
|b Mutiara Cemerlang
|c 2003
|
| 300 |
0 |
0 |
|a viii, 248ms.
|b ill.
|c 26cm
|
| 440 |
0 |
0 |
|a Kurikulum Bersepadu Sekolah Menengah
|
| 650 |
0 |
0 |
|a Geography
|x Study and teaching (Secondary)
|
| 700 |
1 |
1 |
|a Hj. Rodzali bin Hj. hashim
|
| 700 |
1 |
1 |
|a Hj. Omran bin Sidek
|
| 999 |
|
|
|a 0230639
|b 1 BGD
|d BOOKS
|e Buku Teks
|f 1 BGD
|j AVAILABLE
|q GOOD CONDITION
|